LEADER 00719nam0 2200229 450 001 000001597 005 20080618151135.0 100 $a20000720d1980----km-y0itay50------ba 101 0 $afre 102 $aFR 200 1 $aAstronomie générale$eastronomie sphérique et éléments de mécanique céléste$fAndré Danjon 205 $a2. edition, revue et corrigée 210 $aParis$cLibrairie scientifique et tecnique A. Blanchard$d1980 215 $a454 p.$d27 cm 610 1 $aAstronomia sferica 676 $a521 700 1$aDanjon,$bAndré$0345996 801 0$aIT$bUNIPARTHENOPE$gRICA$2UNIMARC 912 $a000001597 951 $cPIST$aP1 521-A/2$b25310$d20000921 996 $aAstronomie générale$932967 997 $aUNIPARTHENOPE LEADER 00882nam0-22003011i-450- 001 990001188490403321 035 $a000118849 035 $aFED01000118849 035 $a(Aleph)000118849FED01 035 $a000118849 100 $a20000920d1974----km-y0itay50------ba 101 0 $aeng 200 1 $aTopics in Nonlinear Functional Analysis$fb y NIRENBERG L. 210 $aNew York$cNew York University Press$d1974 225 1 $aNew York University Institute of Mathematical Sciences 300 $aNotes by R.A. Artino 610 0 $aOperatori non lineari 700 1$aNirenberg,$bLouis$f<1925- >$054740 801 0$aIT$bUNINA$gRICA$2UNIMARC 901 $aBK 912 $a990001188490403321 952 $a6-L-27$b18176$fMA1 959 $aMA1 962 $a47H15 962 $a47-02 996 $aTopics in Nonlinear Functional Analysis$9341365 997 $aUNINA DB $aING01 LEADER 01230nam2-2200397---450- 001 990001486080203316 005 20050527143338.0 035 $a000148608 035 $aUSA01000148608 035 $a(ALEPH)000148608USA01 035 $a000148608 100 $a20040308d1969----km-y0itay0103----ba 101 $afre 102 $aFR 105 $a|||-||||001yy 200 1 $a<<4.>> : Partie dogmatique de la philosophie sociale$fAuguste Comte 205 $aRist. anast. 210 $aParis$cAnthropos$d1969 215 $aVIII, 588 p.$d22 cm 300 $aRipr. facs. della 5. ed. identica alla 1.: Paris: au siége de la Société positiviste, 1893 410 0$12001 454 1$12001 461 1$1001000148596$12001$aCours de philosophie positive 606 0 $aPositivismo 676 $a146.4 700 1$aCOMTE,$bAuguste$045863 801 0$aIT$bsalbc$gISBD 912 $a990001486080203316 951 $aII.1.D. 1023/4 (IV A 790/4)$b32740 L.M.$cIV A 959 $aBK 969 $aUMA 979 $aSIAV4$b10$c20040308$lUSA01$h1809 979 $aPATRY$b90$c20040406$lUSA01$h1744 979 $aCOPAT4$b90$c20050527$lUSA01$h1433 996 $aPartie dogmatique de la philosophie sociale$9933781 997 $aUNISA